[Event "Tch-SWE 2002-3"]
[Site "Sweden SWE"]
[Date "2003.03.15"]
[Round "10"]
[White "Niklasson,C"]
[Black "Engqvist,T"]
[Result "1/2-1/2"]
[WhiteElo "2375"]
[BlackElo "2355"]

1.d4 Nf6 2.c4 c6 3.Nc3 d5 4.Nf3 dxc4 5.a4 Bf5 6.e3 e6 7.Bxc4 Bb4 8.O-O Nbd7
9.Qe2 Bg4 10.Rd1 Qa5 11.e4 Qh5 12.h3 Bxf3 13.Qxf3 Qxf3 14.gxf3 a5 15.Be3 O-O
16.Rac1 Rac8  1/2-1/2

[Event "ch-VIE w"]
[Site "Dong Thap VIE"]
[Date "2003.03.21"]
[Round "2"]
[White "Chau Thi Ngoc Giao"]
[Black "Ngo Kim Cuong"]
[Result "0-1"]
[WhiteElo "2173"]
[BlackElo "2108"]

1.d4 d5 2.c4 c6 3.Nf3 Nf6 4.Nc3 dxc4 5.a4 Bf5 6.e3 e6 7.Bxc4 Nbd7 8.O-O Bb4
9.Bd2 O-O 10.Qb3 Ba5 11.Ne2 Bxd2 12.Nxd2 Nb6 13.Ng3 Nxc4 14.Nxc4 Qd5 15.Nxf5 exf5
16.Rac1 Rab8 17.Nd2 Rfd8 18.Qc2 f4 19.Nf3 fxe3 20.fxe3 Qe4 21.Qb3 Qd5 22.Qc2 Qe4
23.Qb3 Qd5 24.Qa3 Ne4 25.Ne5 f6 26.Nd3 Nd2 27.Nf4 Qf7 28.Rf2 Ne4 29.Rf3 Re8
30.b4 a6 31.Qd3 Qa2 32.a5 Rbd8 33.h4 Kh8 34.Kh2 Qb2 35.Rb1 Qc3 36.Qxc3 Nxc3
37.Rb3 Ne4 38.Rb2 Re7 39.Kg1 Kg8 40.Rc2 Kf7 41.Nh5 Rd5 42.Ng3 Nxg3 43.Rxg3 Re4
44.Rh3 Rh5 45.Rc5 Rhxh4 46.Rxh4 Rxh4 47.d5 cxd5 48.Rc7+ Kg6 49.Rxb7 d4 50.exd4 Rxd4  0-1

[Event "Spring Open"]
[Site "Belgrade YUG"]
[Date "2003.03.29"]
[Round "5"]
[White "Lundin,J"]
[Black "Becelic,D"]
[Result "1-0"]
[WhiteElo "2220"]
[BlackElo "2158"]

1.d4 d5 2.c4 c6 3.Nf3 Nf6 4.Nc3 dxc4 5.a4 Bf5 6.Ne5 e6 7.f3 Bb4 8.e4 Bxe4
9.fxe4 Nxe4 10.Bd2 Qxd4 11.Nxe4 Qxe4+ 12.Qe2 Bxd2+ 13.Kxd2 Qd5+ 14.Kc2 Na6
15.Nxc4 O-O-O 16.Qe5 f6 17.Qxd5 exd5 18.Ne3 Nb4+ 19.Kd2 a5 20.Nc2 Rhe8 21.Nxb4 axb4
22.Bd3 h6 23.a5 Kc7 24.Ra4 c5 25.Rc1 Kc6 26.Rxb4 c4 27.b3 b5 28.axb6 Kc5
29.Ra4 Kb5 30.bxc4+ Kxa4 31.c5 Rb8 32.Kc3  1-0

[Event "National I"]
[Site "Besancon FRA"]
[Date "2003.04.04"]
[Round "4"]
[White "Touzane,O"]
[Black "Wagner,Cl"]
[Result "1/2-1/2"]
[WhiteElo "2333"]
[BlackElo "2360"]

1.d4 d5 2.c4 c6 3.Nc3 Nf6 4.Nf3 dxc4 5.a4 Bf5 6.Ne5 Nbd7 7.Nxc4 Qc7 8.g3 e5
9.dxe5 Nxe5 10.Bf4 Nfd7 11.Bg2 f6 12.Nxe5 fxe5 13.Be3 Nc5 14.Bxc5 Bxc5 15.O-O Rd8
16.Qb3 Qf7 17.Bd5 Rxd5 18.Nxd5 Qxd5 19.Qxd5 cxd5 20.Rac1 Bd6 21.Rfd1 d4 22.e3 Bg4
23.Rd3 Kd7 24.exd4 e4 25.Rb3 b6 26.Rb5 h6 27.Kf1 Rf8 28.Rc3 Rf3 29.Ke1 Rxc3
30.bxc3 Be6 31.Kd2 Bc4 32.Rh5 Bf7 33.Rb5 Bc4 34.Rh5 Bf7 35.Rb5 Kc6 36.Ke3 a6
37.Rb1 Bd5 38.h4 Be7 39.Kf4 Bf6 40.Kf5 Ba2  1/2-1/2

[Event "Team Cup"]
[Site "Belgrade YUG"]
[Date "2003.04.06"]
[Round "3"]
[White "Vasiljevic,D"]
[Black "Damjanovic,D"]
[Result "1/2-1/2"]
[WhiteElo "2351"]
[BlackElo "2296"]

1.d4 d5 2.Nf3 Nf6 3.c4 c6 4.Nc3 dxc4 5.a4 Bf5 6.e3 e6 7.Bxc4 Bb4 8.O-O Nbd7
9.Qe2 Bg6 10.Rd1 O-O 11.Ne5 Qa5 12.Nxg6 hxg6 13.Na2 Be7 14.Bd2 Qh5 15.Qxh5 gxh5
16.b4 Nb6 17.Bb3 a6 18.Nc1 Nbd5 19.Nd3 Ne4 20.Be1 Ndc3 21.Bxc3 Nxc3 22.Rd2 Rfd8
23.Rc2 Nd5 24.Bxd5 Rxd5 25.Rb1 g6 26.Kf1 Kf8 27.Ne5 Ra7 28.Nc4 Bd8 29.Ne5 Be7
30.Ke2 Bf6 31.f4 Bxe5 32.fxe5 Ra8 33.Kd3 Rad8 34.Rc5 Ke7 35.Rf1 Ke8 36.h4 Ke7
37.Ke4 Rg8 38.Kf4 f6 39.Rxd5 exd5 40.exf6+ Kxf6 41.b5 axb5 42.axb5 g5+ 43.hxg5+ Rxg5
44.Rc1 Rxg2 45.bxc6 Rg4+ 46.Kf3 bxc6 47.Rxc6+ Ke7 48.Rh6 Rh4 49.Kg3 Rg4+
50.Kf3 Rh4  1/2-1/2

[Event "Classics GM"]
[Site "Gausdal NOR"]
[Date "2003.04.08"]
[Round "7"]
[White "Lugovoi,A"]
[Black "Daly,C"]
[Result "1/2-1/2"]
[WhiteElo "2563"]
[BlackElo "2353"]

1.d4 d5 2.c4 c6 3.Nf3 Nf6 4.Nc3 dxc4 5.a4 Bf5 6.e3 e6 7.Bxc4 Bb4 8.O-O O-O
9.Qe2 Nbd7 10.e4 Bg6 11.Bd3 Bh5 12.Bf4 Re8 13.e5 Nd5 14.Nxd5 cxd5 15.h3 Be7
16.g4 Bg6 17.Kg2 a6 18.h4 Rc8 19.h5 Bxd3 20.Qxd3 Nb6 21.Bd2  1/2-1/2

[Event "IV IM"]
[Site "Monaco MNC"]
[Date "2003.04.12"]
[Round "6"]
[White "Efimov,I"]
[Black "Geenen,M"]
[Result "1/2-1/2"]
[WhiteElo "2477"]
[BlackElo "2345"]

1.d4 d5 2.Nf3 Nf6 3.c4 c6 4.Nc3 dxc4 5.a4 Bf5 6.Nh4 Bc8 7.Nf3 Bf5 8.e3 e6
9.Bxc4 Bb4 10.O-O Nbd7 11.Qe2 Bg4 12.Rd1 Qa5 13.e4 Qh5 14.Rd3 e5 15.h3 Bxf3
16.Rxf3 exd4 17.g4 Qc5 18.Rf5 Qe7 19.g5 dxc3 20.gxf6 gxf6 21.bxc3 Bxc3 22.Rb1 Rg8+
23.Kf1 O-O-O 24.Qe3 Nb6 25.Be2 Bd4 26.Qf4 Be5 27.Qf3 Nxa4 28.Qb3 Nb6 29.Be3 Bd4
30.Bg4 Kb8 31.Bf4+ Ka8 32.Bf3 Qe6 33.Qa3 Nc4 34.Qb4 Rd7 35.Rd1 Rgd8 36.Rh5 Be5
37.Rxd7 Qxd7 38.Qxc4 Bxf4 39.Rxh7 Qe6 40.Be2 b5 41.Qc2 Rd2 42.Qc3 Rxe2 43.Rh8+ Kb7
44.Kxe2 Qxe4+ 45.Kf1 Qh1+ 46.Ke2 Qe4+  1/2-1/2

[Event "FSIMB April"]
[Site "Budapest HUN"]
[Date "2003.04.14"]
[Round "10"]
[White "Lund,E"]
[Black "Woodward,T"]
[Result "1-0"]
[WhiteElo "2269"]
[BlackElo "2250"]

1.d4 d5 2.c4 c6 3.Nf3 Nf6 4.Nc3 dxc4 5.a4 Bf5 6.e3 e6 7.Bxc4 Bb4 8.O-O O-O
9.Qe2 Bg6 10.Ne5 Nbd7 11.Nxg6 hxg6 12.Rd1 Qa5 13.e4 Bxc3 14.bxc3 Qxc3 15.Ba3 Rfd8
16.Be7 Re8 17.Bd6 Nb6 18.Rac1 Qa5 19.Bb3 Qh5 20.Qxh5 gxh5 21.f3 Rad8 22.a5 Nc8
23.Be5 Ne7 24.h4 Nd7 25.Bc7 Rc8 26.Bd6 Nb8 27.Bc5 Nd7 28.Bd6 g6 29.Ba4 b5
30.Bxe7 bxa4 31.Bd6 Red8 32.Be7 Re8 33.Bd6 Red8 34.Rc4 Nb8 35.e5 a3 36.Ra1 Na6
37.Rxa3 Nc7 38.Bxc7 Rxc7 39.Rac3 Rd5 40.a6 Kf8 41.Kf2 Ke7 42.Ke3 Rb5 43.Rxc6 Rxc6
44.Rxc6 Kd7 45.Rd6+ Kc7 46.g4 Rb1 47.Kf4 Rh1 48.Kg5 Rh3 49.gxh5 gxh5 50.f4 Rf3
51.d5 exd5 52.Rxd5 Rg3+ 53.Kxh5 Rg6 54.Rd6 Rg1 55.Rf6  1-0

[Event "IM"]
[Site "Deizisau GER"]
[Date "2003.04.14"]
[Round "4"]
[White "Braun,A"]
[Black "Drabke,L"]
[Result "1/2-1/2"]
[WhiteElo "2324"]
[BlackElo "2441"]

1.d4 d5 2.c4 c6 3.Nf3 Nf6 4.Nc3 dxc4 5.a4 Bf5 6.e3 e6 7.Bxc4 Bb4 8.O-O O-O
9.Qe2 Bg6 10.Ne5 Nbd7 11.Nxg6 hxg6 12.Rd1 Qa5 13.Bd2 Rad8 14.Be1 Nb6 15.Bb3 e5
16.dxe5 Qxe5 17.h3 g5 18.Rxd8 Rxd8 19.Rd1 Rxd1 20.Qxd1 g6 21.Qd3 Kg7 22.Bd2 a5
23.e4 Nfd7 24.Be3 Bc5 25.g3 Bxe3 26.Qxe3 Qc5 27.Qd2 Ne5 28.Kg2 Qb4 29.Qc2 Ned7
30.Ba2 Nc5 31.b3 Nbd7 32.f3 Ne5 33.Ne2 Ned3 34.Qd1 Ne1+ 35.Kf2 Ned3+ 36.Ke3 f6
37.Qd2 Qb6 38.Nd4 Nb4 39.Bb1 Nxb3 40.Qc3 Nxd4 41.Qxd4 Qxd4+ 42.Kxd4 b6 43.e5 f5
44.h4 gxh4 45.gxh4 Nd5 46.h5 Nf4 47.hxg6 Kxg6 48.Ba2 Ne2+ 49.Ke3 Nc3 50.Bb3 b5
51.Kd4 bxa4 52.Bc2 Nb5+ 53.Kc5 a3 54.Bb3 f4 55.Bc4 Kf5 56.Kxc6 Nd4+ 57.Kd6 a4
58.Bd3+ Kg5 59.Bb1 Nxf3 60.e6 a2 61.Bxa2 Nd4 62.Kc5 Nf5 63.Kb4 Kf6 64.Kxa4 Ne3
65.Bb1 Kxe6 66.Be4 Ke5 67.Bf3 Nc4 68.Kb5 Kd4 69.Bg4 Nd6+ 70.Kc6 Ne4 71.Bh5 Nf6
72.Bd1 Ke3 73.Kd6 Ne4+ 74.Ke5 Ng3 75.Bg4 Nh1 76.Bd1 Nf2 77.Bh5 Nd3+ 78.Kf5 Nc5
79.Bd1 Ne4 80.Ke5  1/2-1/2

[Event "Commonwealth Ch"]
[Site "Mumbai IND"]
[Date "2003.04.22"]
[Round "4"]
[White "Gokhale,A"]
[Black "Wang Yu"]
[Result "0-1"]
[WhiteElo "2213"]
[BlackElo "2359"]

1.d4 d5 2.c4 c6 3.Nc3 Nf6 4.Nf3 dxc4 5.a4 Bf5 6.e3 e6 7.Bxc4 Bb4 8.O-O Nbd7
9.Qe2 Bg6 10.e4 O-O 11.e5 Nd5 12.Na2 Be7 13.Bd2 a5 14.Rfc1 Bh5 15.Qd3 N5b6
16.Ne1 Nxa4 17.Bb3 Nab6 18.Nc3 Bg6 19.Qe2 Re8 20.f4 c5 21.d5 exd5 22.Nxd5 Nxd5
23.Bxd5 Nxe5 24.Bxb7 Rb8 25.Bxa5 Qd4+ 26.Kh1 Rxb7 27.Bc3 Qxf4 28.Bxe5 Qe4
29.Qa6 Rd7 30.Nf3 Bf8 31.Bc3 Qd5 32.Qa4 Rde7 33.Rd1 Qb7 34.Ne5 Rxe5 35.Bxe5 Rxe5
36.Rd8 Re2 37.Qa8 Qxa8 38.Rdxa8 Be4  0-1

[Event "5th Open"]
[Site "Dubai UAE"]
[Date "2003.04.23"]
[Round "4"]
[White "Gleizerov,E"]
[Black "Sakaev,K"]
[Result "1/2-1/2"]
[WhiteElo "2574"]
[BlackElo "2664"]

1.d4 d5 2.c4 c6 3.Nf3 Nf6 4.Nc3 dxc4 5.a4 Bf5 6.e3 e6 7.Bxc4 Bb4 8.O-O Nbd7
9.Nh4 O-O 10.Nxf5 exf5 11.Bd2  1/2-1/2

[Event "11th Sigeman & Co"]
[Site "Malmoe SWE"]
[Date "2003.05.01"]
[Round "3"]
[White "Hillarp Persson,T"]
[Black "Hector,J"]
[Result "1/2-1/2"]
[WhiteElo "2474"]
[BlackElo "2553"]

1.d4 d5 2.c4 c6 3.Nf3 Nf6 4.Nc3 dxc4 5.a4 Bf5 6.e3 e6 7.Bxc4 Bb4 8.O-O Nbd7
9.Qe2 Bg4 10.Rd1 Qa5 11.e4 Qh5 12.Rd3 e5 13.h3 Bxf3 14.Qxf3 Qxf3 15.gxf3 O-O
16.f4 exd4 17.Rxd4 c5 18.Rd1 Rfd8 19.e5 Nb6 20.Rxd8+ Rxd8 21.Bb3 Bxc3 22.bxc3 Ne4
23.Be3 Nxc3 24.Bxc5 Ne2+ 25.Kf1 Nxf4 26.a5 Nc8 27.Be3 Ne6 28.Rc1 Ne7 29.Bxa7 g5
30.Bxe6 fxe6 31.Rc7 Nc6 32.Be3 Ra8 33.Bxg5 Rxa5 34.Bf6 Nxe5 35.Rg7+ Kf8 36.Rxh7 Nf7
37.Rh4 Rf5 38.Bc3 b5 39.Re4 Ke7 40.h4 Rd5 41.Ke2 Nh6 42.Re5  1/2-1/2

[Event "FSIMA May"]
[Site "Budapest HUN"]
[Date "2003.05.08"]
[Round "6"]
[White "Lund,E"]
[Black "Vigorito,D"]
[Result "0-1"]
[WhiteElo "2269"]
[BlackElo "2298"]

1.d4 d5 2.c4 c6 3.Nf3 Nf6 4.Nc3 dxc4 5.a4 Bf5 6.e3 e6 7.Bxc4 Bb4 8.O-O Nbd7
9.Qe2 Bg6 10.e4 O-O 11.e5 Nd5 12.Ne4 Be7 13.Rd1 Rc8 14.a5 a6 15.h4 h6 16.Bd2 Re8
17.g4 c5 18.h5 Bh7 19.Nc3 cxd4 20.Nxd4 Nxc3 21.Bxc3 Qc7 22.Bxe6 fxe6 23.Nxe6 Qc4
24.Qxc4 Rxc4 25.Rxd7 Rxg4+ 26.Kf1 Bf5 27.Rxe7 Rxe7 28.Nc5 Rc7 29.b4 Rc4 30.Rc1 Bg4
31.Ke1 Bxh5 32.Kd2 Bf3 33.Kd3 Rg4 34.Ke3 Bc6 35.e6 Re7 36.Rd1 h5 37.Rd8+ Kh7
38.Rf8 Bd5 39.Rf5 Bxe6 40.Rxh5+ Kg6 41.Re5 Kf7 42.f3 Rc4 43.Kd3 Rh4 44.Nxe6 Rxe6
45.Rxe6 Kxe6 46.Bxg7 Rxb4 47.Bd4 Kd5 48.Bb6 Rb3+ 49.Ke2 Rxb6 50.axb6 Kc5
51.Kd3 Kxb6 52.Ke4 Kc6 53.Kf5 a5 54.Ke6 a4 55.f4 a3 56.f5 a2 57.f6 a1=Q 58.f7 Qa2+
59.Ke7 Qxf7+ 60.Kd8 Qd7+  0-1

[Event "National I"]
[Site "Clermont-Ferrand FRA"]
[Date "2003.05.10"]
[Round "10"]
[White "Chabanon,JL"]
[Black "Sokolov,I"]
[Result "1/2-1/2"]
[WhiteElo "2492"]
[BlackElo "2677"]

1.d4 d5 2.c4 c6 3.Nf3 Nf6 4.Nc3 dxc4 5.a4 Bf5 6.e3 e6 7.Bxc4 Bb4 8.O-O Nbd7
9.Qe2 Bg4 10.h3 Bxf3 11.Qxf3 O-O 12.g4 e5 13.Bb3 Qb6 14.Bc2 Rad8 15.g5 Ne8
16.a5 Qc7 17.Ra4 Be7 18.d5 g6 19.dxc6 bxc6 20.Rc4 Bxg5 21.Qxc6 Qxa5 22.b4 Qb6
23.b5 Qb8 24.Ba3 Nb6 25.Bxf8 Nxc4 26.Qxc4 Kxf8 27.Bb3 Qb7 28.Ne4 h6 29.Rd1 Rxd1+
30.Bxd1 Qc7 31.Qd5 Qd8 32.Qb3 Be7 33.Be2 Qd7 34.Kg2 Ng7 35.b6 axb6 36.Qxb6 Nf5
37.Qb8+ Bd8 38.Qxe5 Nh4+ 39.Kg1 Kg8 40.Qd6 Qc8 41.Qd5 Qc7 42.Kf1 Be7 43.Nd2 Nf5
44.Bd3 Nh4  1/2-1/2

[Event "Capablanca Mem Mixto"]
[Site "Havana CUB"]
[Date "2003.05.10"]
[Round "5"]
[White "Montalvo,A"]
[Black "Ruiz Jimenez,F"]
[Result "1/2-1/2"]
[WhiteElo "2281"]
[BlackElo "2200"]

1.d4 d5 2.c4 c6 3.Nc3 Nf6 4.Nf3 dxc4 5.a4 Bf5 6.e3 e6 7.a5 Bb4 8.Qa4 Qe7
9.Bxc4 Nbd7 10.O-O O-O 11.Bd2 b5 12.axb6 Nxb6 13.Qa6 Nxc4 14.Qxc4 c5 15.Ne5 a5
16.dxc5 Bxc5 17.Nb5 Bb4 18.Bxb4 Qxb4 19.Qxb4 axb4 20.Nd4 Be4 21.f3 Bb7 22.Rfc1 Nd5
23.e4 Nb6 24.Rxa8 Bxa8 25.Nec6 Bxc6 26.Nxc6 Na4 27.b3 Nc3 28.Kf2 f5 29.exf5 exf5
30.Nxb4 Nb5 31.Rd1 g6 32.Rd7 Nc3 33.Nc6 Re8 34.Rd8 Kf7 35.Rxe8 Kxe8 36.Ke3 Kd7
37.Nd4 Nd5+ 38.Kd2 f4 39.g3 fxg3 40.hxg3 g5 41.g4 Kd6 42.Ne2 Ke5 43.Kd3 Nf6
44.Kc4 h5 45.gxh5 Nxh5 46.Kc5 Nf4 47.Nd4 Nd3+ 48.Kc4 Nb2+ 49.Kc3 Nd1+ 50.Kd3 Nb2+
51.Kc3 Nd1+ 52.Kc4 Nb2+ 53.Kc5 Nd3+ 54.Kc4  1/2-1/2

[Event "TCh-Serbia & Montenegro"]
[Site "Budva YUG"]
[Date "2003.05.18"]
[Round "?"]
[White "Zivanic,M"]
[Black "Tadic,B"]
[Result "0-1"]
[WhiteElo "2414"]
[BlackElo "2467"]

1.d4 d5 2.c4 c6 3.Nf3 Nf6 4.Nc3 dxc4 5.a4 Bf5 6.Ne5 Nbd7 7.Nxc4 Nb6 8.Ne5 a5
9.f3 Nfd7 10.Nxd7 Nxd7 11.e4 Bg6 12.Be3 Qb6 13.Qd2 e5 14.Rd1 O-O-O 15.d5 Bc5
16.Bxc5 Nxc5 17.Qf2 f6 18.Be2 Kb8 19.O-O Nd7 20.Rb1 Qxf2+ 21.Kxf2 Bf7 22.dxc6 bxc6
23.b4 axb4 24.Rxb4+ Ka7 25.Rd1 Nc5 26.Rc1 Rc8 27.a5 Nb3 28.Rb1 Rb8 29.Rb6 Rxb6
30.axb6+ Kb7 31.Rd1 Nd4 32.Na4 Ra8 33.Ra1 Ra5 34.Bd1 Bb3 35.Bxb3 Nxb3 36.Ra2 c5
37.Ke3 c4 38.g3 Kc6 39.f4 Nc5 40.Nc3 Rxa2 41.Nxa2 Kxb6 42.Nc3 Ka5 43.Nd5 Ka4
44.g4 Kb3 45.g5 c3  0-1

[Event "Kings Cup"]
[Site "Bucharest ROM"]
[Date "2003.05.26"]
[Round "9"]
[White "Manolache,M"]
[Black "Svetushkin,D"]
[Result "1/2-1/2"]
[WhiteElo "2448"]
[BlackElo "2543"]

1.d4 d5 2.c4 c6 3.Nf3 Nf6 4.Nc3 dxc4 5.a4 Bf5 6.e3 e6 7.Bxc4 Bb4 8.O-O O-O
9.Qe2 Bg6 10.Ne5 Nbd7 11.Nxg6 hxg6 12.Bd2 a5 13.Rad1 Qe7  1/2-1/2

[Event "28th Elekes Mem GM"]
[Site "Budapest HUN"]
[Date "2003.05.27"]
[Round "11"]
[White "Danner,G"]
[Black "Wittmann,W"]
[Result "1/2-1/2"]
[WhiteElo "2377"]
[BlackElo "2345"]

1.d4 d5 2.c4 c6 3.Nf3 Nf6 4.Nc3 dxc4 5.a4 Bf5 6.e3 e6 7.Bxc4 Bb4 8.O-O O-O
9.Qb3 Qe7 10.a5 c5  1/2-1/2

[Event "ch-RUS w"]
[Site "Elista RUS"]
[Date "2003.05.28"]
[Round "9"]
[White "Ovod,E"]
[Black "Dorofeeva,A"]
[Result "0-1"]
[WhiteElo "2296"]
[BlackElo "2272"]

1.d4 d5 2.c4 c6 3.Nf3 Nf6 4.Nc3 dxc4 5.a4 Bf5 6.e3 e6 7.Bxc4 Bb4 8.O-O Nbd7
9.Nh4 O-O 10.f3 Bg6 11.Nxg6 hxg6 12.e4 e5 13.Be3 Qa5 14.Ne2 Rad8 15.Qb3 exd4
16.Nxd4 Bc5 17.Rfd1 Ne5 18.Be2 Rd7 19.Qc3 Bb4 20.Qc2 Rfd8 21.Nb3 Rxd1+ 22.Bxd1 Qc7
23.Be2 Nh7 24.f4 Nd7 25.e5 g5 26.Qe4 a5 27.Bc4 Nb6 28.Bxb6 Qxb6+ 29.Kh1 Qc7
30.Rf1 Qe7 31.Nd4 Nf6 32.Qf5 Rxd4 33.exf6 Qxf6 34.Qc8+ Bf8 35.fxg5 Qe7 36.b3 b5
37.axb5 cxb5 38.Bxb5 Qxg5 39.Bc4 Rf4 40.Re1 Rf2 41.Qa8 Kh7 42.Qe4+ g6 43.h4 Qf6
44.g3 Bd6 45.Re3 Bb4 46.Qe5 Qb6 47.h5 Bd6 48.hxg6+ fxg6 49.Qe6 Qd4 50.Kg1 Rf5
51.Kg2 Bc5  0-1

[Event "TCh-NOR"]
[Site "Asker NOR"]
[Date "2003.05.31"]
[Round "4"]
[White "Johannessen,LE"]
[Black "Hersvik,D"]
[Result "1-0"]
[WhiteElo "2527"]
[BlackElo "2304"]

1.d4 d5 2.c4 c6 3.Nf3 Nf6 4.Nc3 dxc4 5.a4 Bf5 6.Ne5 e6 7.f3 Bb4 8.e4 Bxe4
9.fxe4 Nxe4 10.Bd2 Qxd4 11.Nxe4 Qxe4+ 12.Qe2 Bxd2+ 13.Kxd2 Qd5+ 14.Kc2 Na6
15.Nxc4 O-O 16.Qe5 Rab8 17.a5 f6 18.Qxd5 cxd5 19.Nd2 Nb4+ 20.Kc3 Nc6 21.Nb3 Rfc8
22.Kd2 b5 23.Rc1 Kf7 24.a6 Ne5 25.Rxc8 Rxc8 26.Bxb5 Rb8 27.Nd4 Ng6 28.Rc1 e5
29.Rc7+ Kg8 30.Rb7 exd4  1-0

[Event "IV Open"]
[Site "Lido Estensi ITA"]
[Date "2003.06.06"]
[Round "1"]
[White "Kohlweyer,B"]
[Black "Opacic,A"]
[Result "1/2-1/2"]
[WhiteElo "2454"]
[BlackElo "2063"]

1.d4 d5 2.c4 c6 3.Nf3 Nf6 4.Nc3 dxc4 5.a4 Bf5 6.Nh4 Bc8 7.Nf3 Bf5 8.e3 e6
9.Bxc4 Bb4 10.O-O Nbd7 11.Nh4 Bg4 12.f3 Bh5 13.g4 Bg6 14.Ng2 Nb6 15.Bb3 Nfd5
16.Na2 Bd6 17.e4 Nb4 18.Nxb4 Bxb4 19.h4 h6 20.Be3 Qe7 21.Qe2 Nd7 22.h5 Bh7
23.Bf2 O-O 24.Rfd1 Kh8 25.Bh4 Qe8 26.Qc4 Be7 27.Bg3 f5 28.Qe2 fxe4 29.fxe4 Bg5
30.Bd6 Rf7 31.a5 Nf6 32.Bc2 Rd7 33.Be5 a6 34.b4 Rad8 35.Rab1 Rf7 36.Rb3  1/2-1/2

[Event "FSFMA June"]
[Site "Budapest HUN"]
[Date "2003.06.08"]
[Round "2"]
[White "Marodi,M"]
[Black "Garnier Salvi,V"]
[Result "1-0"]
[WhiteElo "2057"]
[BlackElo "1986"]

1.d4 d5 2.c4 c6 3.Nf3 Nf6 4.Nc3 dxc4 5.a4 Bf5 6.e3 e6 7.Bxc4 Bb4 8.O-O Nbd7
9.Qe2 O-O 10.e4 Bg6 11.Bd3 c5 12.Rd1 cxd4 13.Nxd4 Qc7 14.Ndb5 Qc6 15.e5 Ne8
16.Bxg6 hxg6 17.Bf4 a6 18.Nd4 Qc7 19.Na2 Be7 20.Rac1 Qb6 21.Qd2 Nc5 22.a5 Qd8
23.b4 Ne4 24.Qe2 Qd5 25.Nf5 Qxd1+ 26.Qxd1 gxf5 27.Qd7 Bh4 28.g3 Bg5 29.Bxg5 Nxg5
30.Qxb7 Rd8 31.Qe7 Nf3+ 32.Kg2 Rd3 33.Rc8 Ne1+ 34.Kf1  1-0

[Event "FSIM June"]
[Site "Budapest HUN"]
[Date "2003.06.08"]
[Round "2"]
[White "Berczes,D"]
[Black "Hajnal,Z"]
[Result "1-0"]
[WhiteElo "2324"]
[BlackElo "2385"]

1.d4 d5 2.c4 c6 3.Nf3 Nf6 4.Nc3 dxc4 5.a4 Bf5 6.Ne5 e6 7.f3 c5 8.dxc5 Qxd1+
9.Nxd1 Nbd7 10.Nxd7 Nxd7 11.e4 Bg6 12.c6 bxc6 13.Bxc4 Bb4+ 14.Bd2 Rb8 15.a5 Nc5
16.Ke2 O-O 17.Bf4 Rbd8 18.Be3 Nb7 19.a6 Na5 20.Rc1 c5 21.Nf2 Rd6 22.Nd3 Nxc4
23.Rxc4 Rxa6 24.Bxc5 Bxc5 25.Rxc5 Rd8 26.Rd1 f6 27.Ne5 Rb8 28.Rb5 Rc8 29.Rc1 Ra8
30.Nxg6 hxg6 31.Rc7 Rb6 32.Rxb6 axb6 33.Rc6 b5 34.Rb6 Ra5 35.Kd2 e5 36.h4 Ra1
37.Rxb5 Rh1 38.Rb8+ Kh7 39.Ke2 Rxh4 40.b4 f5 41.g3 Rh2+ 42.Ke3 Rg2 43.b5 fxe4
44.Kxe4 Rxg3 45.b6 Rg1 46.Kxe5 Rb1 47.Kd6 g5 48.Kc7 Kg6 49.Rf8 Rc1+ 50.Kb8 g4
51.fxg4 Rc4 52.b7 Rxg4 53.Kc7 Rb4 54.b8=Q Rxb8 55.Rxb8 Kf5 56.Kd6 g5 57.Kd5 Kf4
58.Kd4 Kf3 59.Rf8+  1-0

[Event "FSIM June"]
[Site "Budapest HUN"]
[Date "2003.06.10"]
[Round "4"]
[White "Berczes,D"]
[Black "Vigorito,D"]
[Result "0-1"]
[WhiteElo "2324"]
[BlackElo "2298"]

1.d4 d5 2.c4 c6 3.Nf3 Nf6 4.Nc3 dxc4 5.a4 Bf5 6.Ne5 Na6 7.f3 Nd7 8.Nxc4 e5
9.e4 exd4 10.exf5 dxc3 11.bxc3 Qf6 12.Qc2 O-O-O 13.Be2 Bc5 14.Rb1 Rhe8 15.Kf1 Qh4
16.g3 Qh3+ 17.Ke1 Qg2 18.Rf1 Nf6 19.Qb2 Nb4  0-1

[Event "FSIM June"]
[Site "Budapest HUN"]
[Date "2003.06.11"]
[Round "5"]
[White "Vigorito,D"]
[Black "Hajnal,Z"]
[Result "0-1"]
[WhiteElo "2298"]
[BlackElo "2385"]

1.Nf3 d5 2.d4 Nf6 3.c4 c6 4.Nc3 dxc4 5.a4 Bf5 6.e3 e6 7.Bxc4 Bb4 8.O-O O-O
9.Nh4 Nbd7 10.Nxf5 exf5 11.Qc2 g6 12.f3 Rc8 13.Rd1 Qe7 14.a5 b6 15.a6 Rfd8
16.e4 fxe4 17.Nxe4 Nxe4 18.fxe4 Nc5 19.Rf1 Rxd4 20.Bxf7+ Kh8 21.Bh6 Nxe4
22.Kh1 Bc5 23.Rf3 g5 24.Bb3 Rd2 25.Qc4 Nf2+ 26.Rxf2 Rxf2 27.Qc3+ Qf6 28.Bxg5 Qxc3
29.bxc3 Rcf8 30.Bc4 b5 31.Bd3 Kg7 32.Bh4 R2f4 33.Bg3 Ra4 34.Be5+ Kh6 35.Re1 Bf2
36.Rf1 Re8 37.Bc7 Re1  0-1

[Event "FSFMA June"]
[Site "Budapest HUN"]
[Date "2003.06.13"]
[Round "7"]
[White "Sallai,K"]
[Black "Garnier Salvi,V"]
[Result "1-0"]
[WhiteElo "2188"]
[BlackElo "1986"]

1.d4 d5 2.c4 c6 3.Nc3 Nf6 4.Nf3 dxc4 5.a4 Bf5 6.e3 e6 7.Bxc4 Bb4 8.O-O Nbd7
9.Qe2 O-O 10.e4 Bg6 11.Bd3 c5 12.e5 Bxd3 13.Qxd3 cxd4 14.Na2 Nd5 15.Ng5 g6
16.Qh3 h5 17.Nxe6 Qe7 18.Nxf8 Nxf8 19.Qb3 Rd8 20.Nxb4 Qxb4 21.Qd3 Ne6 22.Bd2 Nef4
23.Bxf4 Nxf4 24.Qe4 Ne6 25.Qh4 Rd7 26.Rac1 Qxb2 27.Rc8+ Nf8 28.e6 fxe6 29.Qf6 Qb4
30.Qxg6+ Rg7 31.Qxe6+ Kh7 32.Qd5 Rd7 33.Qf5+ Kg7 34.Rxf8  1-0

[Event "FSFMB June"]
[Site "Budapest HUN"]
[Date "2003.06.16"]
[Round "10"]
[White "Koczo,K"]
[Black "Trajber,C"]
[Result "1/2-1/2"]
[WhiteElo "2089"]
[BlackElo "2060"]

1.d4 d5 2.c4 c6 3.Nf3 Nf6 4.Nc3 dxc4 5.a4 Bf5 6.e3 e6 7.Bxc4 Bb4 8.O-O Nbd7
9.Nh4 Bg6 10.Qb3 a5 11.g3 Rb8 12.Rd1 Bh5 13.Be2 Bxe2 14.Nxe2 Ne4 15.f3 Nef6
16.e4 Qb6 17.Kg2 h6 18.Kf1 g5 19.Ng2 g4 20.Bf4 Rd8 21.Qe3 Bf8 22.Nh4 c5 23.Nc3 cxd4
24.Qxd4 Qxd4 25.Rxd4 e5 26.Nb5 Be7 27.Nc7+ Kf8 28.Rxd7 Nxd7 29.Bd2 Bxh4 30.gxh4 b6
31.b4 axb4 32.Bxb4+ Kg7 33.fxg4 Rc8 34.Bd6 f6 35.Ke2 Kf7 36.Rf1 Rhg8 37.h3 h5
38.g5 Kg6 39.Nd5 Rc4 40.Ne7+ Kf7 41.Nxg8 Rxe4+ 42.Kf3 Rf4+ 43.Kg2 Rxf1 44.Kxf1 Kxg8
45.gxf6 Kf7 46.Ke2 Kxf6 47.Ke3 Ke6 48.Bc7 Kd5 49.Bd8 Nc5 50.Bxb6 Nxa4 51.Bd8 Nc5
52.Bg5 Ne6 53.Bh6 Nd4 54.Bg5 Nf5+ 55.Kd3 Ke6 56.Ke4 Nd6+ 57.Ke3 Kf5 58.Kf3 Nf7
59.Be3 e4+ 60.Kf2 Ne5 61.Ke2 Nd3 62.Kd2 Nf4 63.Bxf4 Kxf4 64.Ke2 e3 65.Ke1 Ke5
66.Ke2 Ke4 67.Ke1 Kf3 68.Kf1 Kg3 69.Ke2 Kxh4 70.Kxe3 Kxh3 71.Kf4 h4 72.Kf3 Kh2
73.Kf2 h3 74.Kf1  1/2-1/2

[Event "Master Open"]
[Site "Voronezh RUS"]
[Date "2003.06.18"]
[Round "6"]
[White "Zakharevich,I"]
[Black "Arbakov,V"]
[Result "0-1"]
[WhiteElo "2508"]
[BlackElo "2380"]

1.d4 d5 2.Nf3 Nf6 3.c4 dxc4 4.Nc3 c6 5.a4 Bf5 6.Nh4 Be6 7.e3 c5 8.Nf3 Nc6
9.Be2 cxd4 10.exd4 h6 11.O-O a6 12.Be3 g6 13.Qd2 Bg7 14.Rad1 Nd5 15.Ne4 b6
16.Rfe1 Na5 17.Qc2 O-O 18.Bc1 Rc8 19.Ne5 Nb3 20.Bf3 Nb4 21.Qb1 Nxd4 22.Bf4 Nxf3+
23.gxf3 Qe8 24.Qc1 Qxa4 25.Bxh6 Bxe5 26.Bxf8 Nd3 27.Qh6 Nxe1 28.Rxe1 Qa5
29.Re3 Rxf8 30.Ng5 Rd8 31.Nxe6 fxe6 32.Qxg6+ Kf8 33.Qxe6  0-1

[Event "TCh-NED Playoff"]
[Site "Enschede NED"]
[Date "2003.06.21"]
[Round "1"]
[White "Delemarre,J"]
[Black "Strating,S"]
[Result "0-1"]
[WhiteElo "2418"]
[BlackElo "2302"]

1.d4 d5 2.c4 c6 3.Nf3 Nf6 4.Nc3 dxc4 5.a4 Bf5 6.Ne5 Nbd7 7.Nxc4 Nb6 8.Ne5 a5
9.f3 Nfd7 10.e4 Nxe5 11.exf5 Ned7 12.d5 g6 13.dxc6 bxc6 14.Qd4 Rg8 15.fxg6 Rxg6
16.Qf2 Ne5 17.Be2 Nd3+ 18.Bxd3 Qxd3 19.Qxb6 Bg7 20.Ne4 Rd8 21.Bd2 Bd4 22.Qb7 f5
23.Bg5 Rxg5 24.Qxc6+ Kf8 25.Qh6+ Rg7 26.Rd1 Qxd1+  0-1

[Event "zt 3.2a"]
[Site "Ho Chi Minh City VIE"]
[Date "2003.06.21"]
[Round "1"]
[White "Leong,L"]
[Black "Torre,E"]
[Result "1/2-1/2"]
[WhiteElo "2277"]
[BlackElo "2520"]

1.d4 Nf6 2.c4 c6 3.Nf3 d5 4.Nc3 dxc4 5.a4 Bf5 6.e3 e6 7.Bxc4 Bb4 8.O-O Nbd7
9.Nh4 Bg6 10.g3 O-O 11.Nxg6 hxg6 12.Qb3 Qb6 13.Rd1 a5 14.Bf1 e5 15.Bg2 Rfd8
16.Ne2 exd4 17.exd4 Bd6 18.Qc2 Nf8 19.Be3 Ng4 20.Bg5 Re8 21.Bf3 Ne6 22.Bd2 Nf6
23.Be3 Nc7 24.Nc3 Na6 25.d5 Bc5 26.Bxc5 Qxc5 27.Rac1 Qb6 28.dxc6 bxc6 29.Na2 Re6
30.Re1 Rxe1+ 31.Rxe1 Nd5 32.Qc4 Rd8 33.Rd1 Re8 34.Bxd5 cxd5 35.Qb5 Qe6 36.Qxd5 Qg4
37.Nc3 Nc7 38.Qxa5 Ne6 39.Qb5 Ra8 40.Qe2 Qb4 41.Rd7 Rb8 42.Qf3 Ng5 43.Qd5 Ne6
44.Qf3 Ng5 45.Qd5 Ne6 46.Ne4 Qxb2 47.Nd6 Qe2 48.Rb7 Rd8 49.Rb6 Qg4 50.a5 Rd7
51.a6 Nf4 52.Qd2 Ne2+ 53.Kf1 Nd4 54.Qf4 Qh3+ 55.Ke1 Qe6+ 56.Kf1 Qh3+ 57.Ke1 Qe6+
58.Kf1 Qh3+  1/2-1/2

[Event "zt 3.2a"]
[Site "Ho Chi Minh City VIE"]
[Date "2003.06.23"]
[Round "3"]
[White "Ngo,N"]
[Black "Pham Chuong"]
[Result "1/2-1/2"]
[WhiteElo "2325"]
[BlackElo "2225"]

1.d4 d5 2.Nf3 Nf6 3.c4 c6 4.Nc3 dxc4 5.a4 Bf5 6.Ne5 Nbd7 7.Nxc4 Qc7 8.g3 e5
9.dxe5 Nxe5 10.Bf4 Nfd7 11.Bg2 f6 12.O-O Be7 13.a5 Be6 14.Nxe5 Nxe5 15.a6 O-O
16.Qc2 Rac8 17.Rfc1 Qb8 18.axb7 Qxb7 19.Qe4 Qb6 20.Na4 Qb5 21.Nc3 Qb6 22.Rc2 Bb3
23.Rd2 Bc5 24.e3 Rfe8 25.Bxe5 Rxe5 26.Qd3 Qb4 27.Be4 Rce8 28.Bxc6 Rxe3 29.Bxe8 Rxd3
30.Rxd3 Bc4 31.Rd2 Qb8 32.Re1 g6 33.Bc6 Kg7 34.Re4 Bf7 35.Bb5 f5 36.Ra4 Qe5
37.Re2 Qd6 38.Bc4 Bxc4 39.Rxc4 Bb4 40.Re1 a5 41.Rd1 Qe6 42.Rc7+ Kh6 43.h4 f4
44.Rdd7 Kh5 45.Rd5+ Kh6 46.Rdd7 Kh5 47.Kg2 h6 48.Rd4 Bxc3 49.bxc3 fxg3 50.Rc5+ g5
51.Kxg3 Qe1 52.hxg5 Qg1+ 53.Kf3 hxg5 54.Rxa5 Qh1+ 55.Ke2 Qc6 56.c4 Qe6+ 57.Kd2 Qf6
58.Ke3 Qe6+ 59.Kd3 Qh3+ 60.Ke4 Qh1+ 61.Kf5 Qf3+ 62.Ke5 Qxf2 63.Rdd5 Kh4 64.Ke6 Qe2+
65.Kd6 g4 66.Rd4 Qe8 67.Re5 Qd8+ 68.Kc5 Qa5+ 69.Kd6 Qb6+ 70.Kd5 Qb7+ 71.Kc5 Qa7+
72.Kd5 Qa8+ 73.Kc5 Qa3+ 74.Kd5 Kh3 75.Rh5+ Kg3 76.c5 Qf3+ 77.Kc4 Kg2 78.Rdd5 Qf1+
79.Kb4 Qb1+ 80.Ka5 g3 81.c6 Qb8 82.Rd7 Qe5+ 83.Kb6 Qe6 84.Kb7 Qb3+ 85.Kc8  1/2-1/2